LEADER 02510nam 2200685Ia 450 001 9910777593903321 005 20230617042552.0 010 $a979-88-908773-7-6 010 $a0-8078-6165-0 035 $a(CKB)1000000000447681 035 $a(OCoLC)56356650 035 $a(CaPaEBR)ebrary10064763 035 $a(SSID)ssj0000159081 035 $a(PQKBManifestationID)11161026 035 $a(PQKBTitleCode)TC0000159081 035 $a(PQKBWorkID)10150205 035 $a(PQKB)11177499 035 $a(Au-PeEL)EBL3039451 035 $a(CaPaEBR)ebr10064763 035 $a(MiAaPQ)EBC3039451 035 $a(EXLCZ)991000000000447681 100 $a20030415d2003 ub 0 101 0 $aeng 135 $aurcn||||||||| 181 $ctxt 182 $cc 183 $acr 200 10$aFrom the fallen tree$b[electronic resource] $efrontier narratives, environmental politics, and the roots of a national pastoral, 1749-1826 /$fThomas Hallock 210 $aChapel Hill $cUniversity of North Carolina Press$dc2003 215 $a1 online resource (311 p.) 300 $aBibliographic Level Mode of Issuance: Monograph 311 $a0-8078-5491-3 311 $a0-8078-2820-3 320 $aIncludes bibliographical references (p. 227-283) and index. 606 $aFrontier and pioneer life$zUnited States$xHistoriography 606 $aFrontier and pioneer life$zWest (U.S.)$xHistoriography 606 $aEnvironmental policy$zUnited States$xHistory 606 $aEnvironmental policy$zWest (U.S.)$xHistory 606 $aFrontier and pioneer life in literature 606 $aPastoral literature, American$xHistory and criticism 606 $aEnvironmental literature$xHistory and criticism 607 $aUnited States$xDescription and travel 607 $aUnited States$xHistoriography 607 $aWest (U.S.)$xHistoriography 615 0$aFrontier and pioneer life$xHistoriography. 615 0$aFrontier and pioneer life$xHistoriography. 615 0$aEnvironmental policy$xHistory. 615 0$aEnvironmental policy$xHistory. 615 0$aFrontier and pioneer life in literature. 615 0$aPastoral literature, American$xHistory and criticism. 615 0$aEnvironmental literature$xHistory and criticism. 676 $a973/.07/2 700 $aHallock$b Thomas$0595206 801 0$bMiAaPQ 801 1$bMiAaPQ 801 2$bMiAaPQ 906 $aBOOK 912 $a9910777593903321 996 $aFrom the fallen tree$9993054 997 $aUNINA LEADER 01004nam0 22002651i 450 001 UON00329846 005 20231205104216.184 100 $a20090903d1939 |0itac50 ba 101 $aeng 102 $aUS 105 $a|||| 1|||| 200 1 $aThoreau$fHenry Seidel Canby 210 $aBoston$cHoughton Mifflin Company$d1939 215 $axx, 508 p.$d21 cm 606 $aTHOREAU HENRY DAVID$3UONC045861$2FI 620 $aUS$dBoston$3UONL000139 676 $a813.309$cNarrativa americana in inglese, 1830-1861. Storia, descrizione, studi critici$v21 700 1$aCANBY$bHenry Seidel$3UONV187707$0700880 712 $aHoughton, Mifflin & Co.$3UONV247409$4650 801 $aIT$bSOL$c20240220$gRICA 899 $aSIBA - SISTEMA BIBLIOTECARIO DI ATENEO$2UONSI 912 $aUON00329846 950 $aSIBA - SISTEMA BIBLIOTECARIO DI ATENEO$dSI NordA IV B THO CAN $eSI LO 48009 5 996 $aThoreau$91367274 997 $aUNIOR